<?xml version="1.0" encoding="UTF-8"?>
<record
    xmlns:xsi="http://www.w3.org/2001/XMLSchema-instance"
    xsi:schemaLocation="http://www.loc.gov/MARC21/slim http://www.loc.gov/standards/marcxml/schema/MARC21slim.xsd"
    xmlns="http://www.loc.gov/MARC21/slim">

  <leader>00370    a2200121   4500</leader>
  <controlfield tag="005">20250731090851.0</controlfield>
  <datafield tag="020" ind1=" " ind2=" ">
    <subfield code="a">978-9987-780-48-8</subfield>
  </datafield>
  <datafield tag="100" ind1=" " ind2=" ">
    <subfield code="a">MBISE, E</subfield>
  </datafield>
  <datafield tag="245" ind1=" " ind2=" ">
    <subfield code="a">Essentials of Entrepreneurship and New Venture Development</subfield>
  </datafield>
  <datafield tag="260" ind1=" " ind2=" ">
    <subfield code="a">Arusha</subfield>
    <subfield code="b">Mweka Publishing andGeneral Supply LTD</subfield>
    <subfield code="c">2020</subfield>
  </datafield>
  <datafield tag="300" ind1=" " ind2=" ">
    <subfield code="a">xii, 212p.: ill; tables</subfield>
    <subfield code="b">Bibliography</subfield>
    <subfield code="c">20cm</subfield>
  </datafield>
  <datafield tag="942" ind1=" " ind2=" ">
    <subfield code="2">ddc</subfield>
    <subfield code="c">BKS</subfield>
  </datafield>
  <datafield tag="999" ind1=" " ind2=" ">
    <subfield code="c">6761</subfield>
    <subfield code="d">6761</subfield>
  </datafield>
  <datafield tag="952" ind1=" " ind2=" ">
    <subfield code="r">2025-07-31 09:04:47</subfield>
    <subfield code="l">0</subfield>
    <subfield code="o">658.041 MBI</subfield>
    <subfield code="p">MBY000591</subfield>
    <subfield code="v">60000.00</subfield>
    <subfield code="w">2025-07-31</subfield>
    <subfield code="y">BKS</subfield>
    <subfield code="1">0</subfield>
    <subfield code="2">ddc</subfield>
    <subfield code="4">0</subfield>
    <subfield code="7">0</subfield>
    <subfield code="0">0</subfield>
    <subfield code="a">002</subfield>
    <subfield code="b">002</subfield>
    <subfield code="c">SPECIAL</subfield>
    <subfield code="d">2025-07-27</subfield>
    <subfield code="e">PURCHASE</subfield>
    <subfield code="g">20000.00</subfield>
  </datafield>
  <datafield tag="952" ind1=" " ind2=" ">
    <subfield code="r">2025-07-31 09:04:47</subfield>
    <subfield code="l">0</subfield>
    <subfield code="o">658.041 MBI</subfield>
    <subfield code="p">MBY000592</subfield>
    <subfield code="v">60000.00</subfield>
    <subfield code="w">2025-07-31</subfield>
    <subfield code="y">BKS</subfield>
    <subfield code="1">0</subfield>
    <subfield code="2">ddc</subfield>
    <subfield code="4">0</subfield>
    <subfield code="7">0</subfield>
    <subfield code="0">0</subfield>
    <subfield code="a">002</subfield>
    <subfield code="b">002</subfield>
    <subfield code="c">GEN</subfield>
    <subfield code="d">2025-07-27</subfield>
    <subfield code="e">PURCHASE</subfield>
    <subfield code="g">20000.00</subfield>
  </datafield>
  <datafield tag="952" ind1=" " ind2=" ">
    <subfield code="r">2025-07-31 09:04:47</subfield>
    <subfield code="l">0</subfield>
    <subfield code="o">658.041 MBI</subfield>
    <subfield code="p">MBY000593</subfield>
    <subfield code="v">60000.00</subfield>
    <subfield code="w">2025-07-31</subfield>
    <subfield code="y">BKS</subfield>
    <subfield code="1">0</subfield>
    <subfield code="2">ddc</subfield>
    <subfield code="4">0</subfield>
    <subfield code="7">0</subfield>
    <subfield code="0">0</subfield>
    <subfield code="a">002</subfield>
    <subfield code="b">002</subfield>
    <subfield code="c">GEN</subfield>
    <subfield code="d">2025-07-27</subfield>
    <subfield code="e">PURCHASE</subfield>
    <subfield code="g">20000.00</subfield>
  </datafield>
  <datafield tag="952" ind1=" " ind2=" ">
    <subfield code="r">2025-07-31 09:04:47</subfield>
    <subfield code="l">0</subfield>
    <subfield code="o">658.041 MBI</subfield>
    <subfield code="p">MBY000594</subfield>
    <subfield code="v">60000.00</subfield>
    <subfield code="w">2025-07-31</subfield>
    <subfield code="y">BKS</subfield>
    <subfield code="1">0</subfield>
    <subfield code="2">ddc</subfield>
    <subfield code="4">0</subfield>
    <subfield code="7">0</subfield>
    <subfield code="0">0</subfield>
    <subfield code="a">002</subfield>
    <subfield code="b">002</subfield>
    <subfield code="c">GEN</subfield>
    <subfield code="d">2025-07-27</subfield>
    <subfield code="e">PURCHASE</subfield>
    <subfield code="g">20000.00</subfield>
  </datafield>
  <datafield tag="952" ind1=" " ind2=" ">
    <subfield code="r">2025-07-31 09:04:47</subfield>
    <subfield code="l">0</subfield>
    <subfield code="o">658.041 MBI</subfield>
    <subfield code="p">MBY000595</subfield>
    <subfield code="v">60000.00</subfield>
    <subfield code="w">2025-07-31</subfield>
    <subfield code="y">BKS</subfield>
    <subfield code="1">0</subfield>
    <subfield code="2">ddc</subfield>
    <subfield code="4">0</subfield>
    <subfield code="7">0</subfield>
    <subfield code="0">0</subfield>
    <subfield code="a">002</subfield>
    <subfield code="b">002</subfield>
    <subfield code="c">GEN</subfield>
    <subfield code="d">2025-07-27</subfield>
    <subfield code="e">PURCHASE</subfield>
    <subfield code="g">20000.00</subfield>
  </datafield>
  <datafield tag="952" ind1=" " ind2=" ">
    <subfield code="r">2025-07-31 09:04:47</subfield>
    <subfield code="l">0</subfield>
    <subfield code="o">658.041 MBI</subfield>
    <subfield code="p">MBY000596</subfield>
    <subfield code="v">60000.00</subfield>
    <subfield code="w">2025-07-31</subfield>
    <subfield code="y">BKS</subfield>
    <subfield code="1">0</subfield>
    <subfield code="2">ddc</subfield>
    <subfield code="4">0</subfield>
    <subfield code="7">0</subfield>
    <subfield code="0">0</subfield>
    <subfield code="a">002</subfield>
    <subfield code="b">002</subfield>
    <subfield code="c">GEN</subfield>
    <subfield code="d">2025-07-27</subfield>
    <subfield code="e">PURCHASE</subfield>
    <subfield code="g">20000.00</subfield>
  </datafield>
  <datafield tag="952" ind1=" " ind2=" ">
    <subfield code="r">2026-01-20 06:55:47</subfield>
    <subfield code="l">1</subfield>
    <subfield code="o">658.041 MBI</subfield>
    <subfield code="p">MBY000597</subfield>
    <subfield code="s">2026-01-02</subfield>
    <subfield code="v">60000.00</subfield>
    <subfield code="w">2025-07-31</subfield>
    <subfield code="y">BKS</subfield>
    <subfield code="1">0</subfield>
    <subfield code="2">ddc</subfield>
    <subfield code="4">0</subfield>
    <subfield code="7">0</subfield>
    <subfield code="0">0</subfield>
    <subfield code="a">002</subfield>
    <subfield code="b">002</subfield>
    <subfield code="c">GEN</subfield>
    <subfield code="d">2025-07-27</subfield>
    <subfield code="e">PURCHASE</subfield>
    <subfield code="g">20000.00</subfield>
  </datafield>
  <datafield tag="952" ind1=" " ind2=" ">
    <subfield code="r">2025-07-31 09:04:47</subfield>
    <subfield code="l">0</subfield>
    <subfield code="o">658.041 MBI</subfield>
    <subfield code="p">MBY000598</subfield>
    <subfield code="v">60000.00</subfield>
    <subfield code="w">2025-07-31</subfield>
    <subfield code="y">BKS</subfield>
    <subfield code="1">0</subfield>
    <subfield code="2">ddc</subfield>
    <subfield code="4">0</subfield>
    <subfield code="7">0</subfield>
    <subfield code="0">0</subfield>
    <subfield code="a">002</subfield>
    <subfield code="b">002</subfield>
    <subfield code="c">GEN</subfield>
    <subfield code="d">2025-07-27</subfield>
    <subfield code="e">PURCHASE</subfield>
    <subfield code="g">20000.00</subfield>
  </datafield>
</record>
